Normal view MARC view

Entry Personal Name

Number of records used in: 1

001 - CONTROL NUMBER

  • control field: 34400

003 - CONTROL NUMBER IDENTIFIER

  • control field: dpl

005 - DATE AND TIME OF LATEST TRANSACTION

  • control field: 20110905155941.0

008 - FIXED-LENGTH DATA ELEMENTS

  • fixed length control field: 110905|||a|||||| | ||| d

040 ## - CATALOGING SOURCE

  • Original cataloging agency: dpl
  • Transcribing agency: dpl

100 ## - HEADING--PERSONAL NAME

  • Personal name: Paliwal, A.K.

670 ## - SOURCE DATA FOUND

  • Source citation: Work cat.: (dpl): Paliwal, A.K., Learn to communicate in English, 200?.

670 ## - SOURCE DATA FOUND

  • Source citation: Work cat.: (dpl): Paliwal, A.K., Learn to communicate in English, 200?.

© Delhi Public Library
Hit Counter
free hit counter